[Event "Winnipeg TNT Sep op"]
[Site "Winnipeg CAN"]
[Date "1997.09.30"]
[Round "4"]
[White "Easton, Bruce"]
[Black "Lange, John"]
[Result "0-1"]
[WhiteElo "1074"]
[BlackElo "1356"]
[PlyCount "74"]
[GameId "2160767911932090"]
[EventDate "1997.09.09"]
[EventType "swiss"]
[EventRounds "4"]
[EventCountry "CAN"]

1. e4 c6 2. d4 d5 3. e5 Bf5 4. Nc3 e6 5. Nf3 Nd7 6. Bf4 Bb4 7. Qd2 Qa5 8. Be2 Bxc3 9. bxc3 Ne7 10. O-O O-O 11. h3 Ng6 12. Bg3 f6 13. exf6 Nxf6 14. Bd3 Ne4 15. Bxe4 Bxe4 16. Ne5 c5 17. Nd7 Rfc8 18. Nxc5 Bf5 19. Rfe1 Nf8 20. Re2 b6 21. Nb3 Qxc3 22. Qxc3 Rxc3 23. Be5 Bxc2 24. Rae1 Bxb3 25. axb3 Rxb3 26. f4 a5 27. Kh2 a4 28. g3 a3 29. Ra2 b5 30. h4 b4 31. Ree2 Rc3 32. f5 b3 33. f6 gxf6 34. Rad2 fxe5 35. Rxe5 a2 36. Rg5+ Kh8 37. Rf2 Rc2 0-1

[Event "Winnipeg TNT Sep op"]
[Site "Winnipeg CAN"]
[Date "1997.09.30"]
[Round "4"]
[White "Ford, Stephen"]
[Black "Schulz, Waldemar"]
[Result "0-1"]
[WhiteElo "1497"]
[BlackElo "2024"]
[PlyCount "60"]
[GameId "2160767911932091"]
[EventDate "1997.09.09"]
[EventType "swiss"]
[EventRounds "4"]
[EventCountry "CAN"]

1. e4 d6 2. d4 g6 3. Nf3 Nf6 4. Bd3 Bg7 5. Nbd2 O-O 6. O-O c6 7. Re1 Nbd7 8. Nb3 e5 9. Bg5 h6 10. Bh4 Qc7 11. c3 a5 12. a4 Re8 13. Qc2 Nf8 14. h3 Ne6 15. Bg3 Nh5 16. Bh2 Nhf4 17. Bf1 Ng5 18. Nxg5 hxg5 19. Rac1 Be6 20. dxe5 dxe5 21. Nd2 Rad8 22. Bxf4 gxf4 23. Nf3 Qb6 24. c4 f6 25. Rcd1 Bf8 26. Rxd8 Rxd8 27. Rc1 Bc5 28. Nd2 Bxf2+ 29. Kh1 Be3 30. Rd1 Qd4 0-1

[Event "Winnipeg TNT Sep op"]
[Site "Winnipeg CAN"]
[Date "1997.09.30"]
[Round "4"]
[White "Gibbons, Michael"]
[Black "Schulz, Manfred"]
[Result "1/2-1/2"]
[WhiteElo "2026"]
[BlackElo "1985"]
[PlyCount "76"]
[GameId "2160767911932092"]
[EventDate "1997.09.09"]
[EventType "swiss"]
[EventRounds "4"]
[EventCountry "CAN"]

1. d4 c6 2. e4 d5 3. Nc3 dxe4 4. Nxe4 Nf6 5. Nxf6+ gxf6 6. c3 Bf5 7. Nf3 e6 8. g3 Nd7 9. Bg2 Be4 10. Qe2 f5 11. Nh4 Bxg2 12. Nxg2 Nf6 13. Nh4 Be7 14. Bg5 Qd5 15. O-O O-O-O 16. c4 Qe4 17. Qxe4 fxe4 18. Rad1 Rhg8 19. Be3 Rd7 20. Ng2 Nh5 21. d5 exd5 22. cxd5 cxd5 23. Bxa7 Rg6 24. Bd4 Rc6 25. Ne3 Bf6 26. Ng4 Bxd4 27. Rxd4 Rc5 28. Rfd1 Rd6 29. b4 Rc2 30. Rxd5 Rxd5 31. Rxd5 Ng7 32. a4 Ne6 33. Ne3 Rb2 34. b5 Rb4 35. Nf5 Rxa4 36. Nd6+ Kc7 37. Nxf7 Rb4 38. Ne5 Rd4 1/2-1/2

[Event "Winnipeg TNT Sep op"]
[Site "Winnipeg CAN"]
[Date "1997.09.30"]
[Round "4"]
[White "Herkert, Dean"]
[Black "Kim, Phillip"]
[Result "0-1"]
[WhiteElo "1634"]
[BlackElo "2105"]
[PlyCount "39"]
[GameId "2160767911932093"]
[EventDate "1997.09.09"]
[EventType "swiss"]
[EventRounds "4"]
[EventCountry "CAN"]

1. f4 c5 2. Nf3 g6 3. Nc3 d5 4. e3 Nf6 5. b3 Bg7 6. Bb2 O-O 7. Bd3 Nc6 8. a3 e5 9. fxe5 Ng4 10. O-O Ncxe5 11. Nxe5 Nxe5 12. Na4 b6 13. Be2 d4 14. Bf3 Nxf3+ 15. Qxf3 Rb8 16. exd4 cxd4 17. d3 Bb7 18. Qf4 Rc8 19. b4 Rxc2 20. Rac1 0-1

[Event "Winnipeg TNT Sep op"]
[Site "Winnipeg CAN"]
[Date "1997.09.30"]
[Round "4"]
[White "Kinderdine, Geoff"]
[Black "Gibbons, Lorne"]
[Result "0-1"]
[WhiteElo "1653"]
[BlackElo "1272"]
[PlyCount "55"]
[GameId "2160767911932094"]
[EventDate "1997.09.09"]
[EventType "swiss"]
[EventRounds "4"]
[EventCountry "CAN"]

1. c4 e5 2. Nc3 Bc5 3. Nf3 Qf6 4. Ne4 Qb6 5. Nxc5 Qxc5 6. d3 d6 7. g3 Nf6 8. Bg2 Bd7 9. O-O Bc6 10. a3 Nbd7 11. b4 Qb6 12. Be3 Qa6 13. b5 Bxb5 14. cxb5 Qxb5 15. Qc2 c5 16. a4 Qa6 17. Rfb1 h6 18. Nxe5 Rb8 19. Nc4 O-O 20. Rb5 b6 21. Nxd6 Ne5 22. Nf5 Qc8 23. Bh3 Neg4 24. Nxh6+ Kh7 25. Nxg4 Nxg4 26. Bf4 Rb7 27. d4+ f5 28. Bxg4 0-1

[Event "Winnipeg TNT Sep op"]
[Site "Winnipeg CAN"]
[Date "1997.09.30"]
[Round "4"]
[White "Remillard, John"]
[Black "Gushuliak, Justin"]
[Result "1-0"]
[WhiteElo "1600"]
[BlackElo "1493"]
[PlyCount "89"]
[GameId "2160767911932095"]
[EventDate "1997.09.09"]
[EventType "swiss"]
[EventRounds "4"]
[EventCountry "CAN"]

1. c4 Nf6 2. Nf3 g6 3. Nc3 Bg7 4. d4 O-O 5. e4 d6 6. b4 a5 7. b5 c6 8. Rb1 cxb5 9. cxb5 b6 10. Bd3 Nbd7 11. Ba3 Re8 12. O-O Qc7 13. Rc1 Qb8 14. Re1 e5 15. d5 Nc5 16. Bxc5 dxc5 17. Nd2 Re7 18. Na4 Ne8 19. Nc4 Rb7 20. Nc3 Bd7 21. a4 Nd6 22. Rc2 f5 23. f3 f4 24. g3 g5 25. Kh1 Qc7 26. Rg1 Kh8 27. Rcg2 Rg8 28. gxf4 gxf4 29. Nxe5 Bh3 30. Rg5 Rbb8 31. Ne2 Bxe5 32. Rxe5 Rxg1+ 33. Qxg1 Rg8 34. Rg5 Rxg5 35. Qxg5 c4 36. Bc2 Qg7 37. Qxg7+ Kxg7 38. Nxf4 Bd7 39. Kg2 Kf6 40. Kf2 Nxb5 41. axb5 Bxb5 42. Ne2 a4 43. Nc3 a3 44. Ke3 Ba6 45. Na2 1-0

[Event "Winnipeg op"]
[Site "Winnipeg CAN"]
[Date "1997.06.20"]
[Round "1"]
[White "Gannon, Keith"]
[Black "Babb, Jeff"]
[Result "0-1"]
[WhiteElo "1651"]
[BlackElo "2189"]
[PlyCount "98"]
[GameId "2160767911965588"]
[EventDate "1997.06.20"]
[EventType "swiss"]
[EventRounds "5"]
[EventCountry "CAN"]

1. d4 Nf6 2. c4 c5 3. Nf3 cxd4 4. Nxd4 Nc6 5. e3 g6 6. Be2 Bg7 7. Nc3 O-O 8. O-O b6 9. Nxc6 dxc6 10. Qxd8 Rxd8 11. Rd1 Rxd1+ 12. Bxd1 Be6 13. Bf3 Rc8 14. b3 Nd5 15. Bxd5 cxd5 16. Bb2 dxc4 17. bxc4 Rxc4 18. Rc1 b5 19. a3 a5 20. g3 b4 21. axb4 axb4 22. Na4 Rxc1+ 23. Bxc1 Kf8 24. Nb2 Ke8 25. Kf1 Kd7 26. Ke2 Kc6 27. Kd2 Kb5 28. f3 h5 29. Kc2 Bc4 30. g4 hxg4 31. fxg4 Be2 32. h3 Bf1 33. h4 Be2 34. g5 Be5 35. Nd3 Bxd3+ 36. Kxd3 Bg3 37. e4 Bxh4 38. Bd2 Bg3 39. Kc2 Kc4 40. Be3 Be5 41. Bc1 b3+ 42. Kb1 Kd3 43. Ba3 e6 44. Be7 Kxe4 45. Bd8 Kf5 46. Be7 Bf4 47. Kb2 Bxg5 48. Bc5 Ke4 49. Kxb3 Kd3 0-1

[Event "Winnipeg op"]
[Site "Winnipeg CAN"]
[Date "1997.06.20"]
[Round "1"]
[White "Kaptsan, Aron"]
[Black "Herkert, Dean"]
[Result "1-0"]
[WhiteElo "2246"]
[BlackElo "1659"]
[PlyCount "67"]
[GameId "2160767911965589"]
[EventDate "1997.06.20"]
[EventType "swiss"]
[EventRounds "5"]
[EventCountry "CAN"]

1. d4 Nf6 2. c4 g6 3. Nc3 d5 4. Nf3 Bg7 5. cxd5 Nxd5 6. g3 O-O 7. Bg2 c5 8. Nxd5 Qxd5 9. O-O Nc6 10. Be3 cxd4 11. Nxd4 Qd6 12. Nxc6 bxc6 13. Qxd6 exd6 14. Bxc6 Rb8 15. Bxa7 Rxb2 16. a4 Rxe2 17. Rad1 Re6 18. a5 Bc3 19. Bb6 Ba6 20. Rc1 Bb4 21. Rfd1 Rc8 22. Bd5 Rxc1 23. Rxc1 Re1+ 24. Rxe1 Bxe1 25. Bg2 Kf8 26. Bf1 Bxf1 27. Kxf1 Bxa5 28. Bxa5 Ke7 29. Ke2 Ke6 30. Kd3 f5 31. Kd4 g5 32. Bd8 g4 33. Bg5 h5 34. Bf4 1-0

[Event "Winnipeg op"]
[Site "Winnipeg CAN"]
[Date "1997.06.20"]
[Round "1"]
[White "Walker, Bob"]
[Black "Lange, John"]
[Result "1-0"]
[WhiteElo "1710"]
[BlackElo "1284"]
[PlyCount "81"]
[GameId "2160767911965590"]
[EventDate "1997.06.20"]
[EventType "swiss"]
[EventRounds "5"]
[EventCountry "CAN"]

1. d4 d5 2. c4 e5 3. e3 e4 4. Nc3 Bb4 5. Qb3 Bxc3+ 6. bxc3 dxc4 7. Bxc4 Nh6 8. Ba3 Nc6 9. Ne2 Qf6 10. Nf4 Ng4 11. h3 g5 12. hxg4 gxf4 13. g5 Qf5 14. Rh6 Na5 15. Qb4 Qxg5 16. Rh5 Nc6 17. Rxg5 Nxb4 18. Bxb4 fxe3 19. fxe3 f6 20. Rg7 Bd7 21. Kd2 O-O-O 22. Be7 Rde8 23. Bxf6 Rhf8 24. Rf1 Be6 25. d5 Bd7 26. Rxh7 Rg8 27. Rg7 Ref8 28. Rxg8 Rxg8 29. Rf2 b5 30. Bb3 a5 31. d6 Rg4 32. dxc7 Kxc7 33. Be5+ Kc6 34. Rf6+ Kb7 35. Bd5+ Kc8 36. Rf8+ Be8 37. Be6+ Kd8 38. Bxg4 Ke7 39. Rh8 Bd7 40. Rh7+ Kd8 41. Bxd7 1-0

[Event "Winnipeg op"]
[Site "Winnipeg CAN"]
[Date "1997.06.20"]
[Round "1"]
[White "Walker, Erin"]
[Black "Yoos, John"]
[Result "0-1"]
[WhiteElo "1704"]
[BlackElo "2428"]
[PlyCount "74"]
[GameId "2160767911965591"]
[EventDate "1997.06.20"]
[EventType "swiss"]
[EventRounds "5"]
[EventCountry "CAN"]

1. e4 c5 2. c3 Nf6 3. e5 Nd5 4. d4 cxd4 5. cxd4 e6 6. Nf3 b6 7. Bc4 Bb7 8. Bd2 d6 9. O-O Nd7 10. Re1 Be7 11. Nc3 Nxc3 12. Bxc3 dxe5 13. Nxe5 O-O 14. Nxf7 Rxf7 15. Bxe6 Nf6 16. Bxf7+ Kxf7 17. Qd2 Qd5 18. f3 Bd6 19. Bb4 Rd8 20. Bxd6 Rxd6 21. Red1 Qf5 22. Rac1 Nd5 23. Qe2 Re6 24. Qc2 Qf4 25. Qd2 Qd6 26. Re1 Rg6 27. Re5 h6 28. Rce1 Bc6 29. Qc2 Kg8 30. Qd2 Qd7 31. Kf1 Qf7 32. R1e4 Nf6 33. Re1 Ng4 34. Rh5 Bxf3 35. gxf3 Qxf3+ 36. Kg1 Nf2+ 37. Kf1 Nh3+ 0-1

[Event "Winnipeg op"]
[Site "Winnipeg CAN"]
[Date "1997.06.21"]
[Round "2"]
[White "Babb, Jeff"]
[Black "Walker, Bob"]
[Result "1-0"]
[WhiteElo "2189"]
[BlackElo "1710"]
[PlyCount "97"]
[GameId "2160767911965592"]
[EventDate "1997.06.20"]
[EventType "swiss"]
[EventRounds "5"]
[EventCountry "CAN"]

1. e4 e6 2. d3 d5 3. Nd2 c5 4. g3 Nf6 5. Bg2 Be7 6. Ngf3 dxe4 7. dxe4 Nc6 8. O-O O-O 9. e5 Nd7 10. Re1 Qc7 11. Qe2 Rb8 12. h4 b6 13. c3 Bb7 14. h5 h6 15. Nf1 f6 16. exf6 Rxf6 17. N1h2 e5 18. Ng4 Rf5 19. Qc4+ Kh8 20. Ne3 Rff8 21. Nh4 Na5 22. Ng6+ Kh7 23. Nxf8+ Rxf8 24. Qd3+ Kh8 25. Bxb7 Qxb7 26. Qd5 Nc6 27. Qg2 Nf6 28. Nd5 Bd6 29. Nxf6 Rxf6 30. Be3 Qc8 31. Rad1 Ne7 32. g4 Qf8 33. Rd2 Nc8 34. Red1 Re6 35. Qa8 Re8 36. Qe4 Re6 37. Kg2 Qe7 38. Qa8 Qf8 39. Qe4 Qe7 40. f3 Qe8 41. a4 a5 42. Bf2 Qe7 43. Bg3 Qc7 44. Bh4 Ne7 45. Bxe7 Qxe7 46. Qc6 Bc7 47. Qa8+ Kh7 48. Qe4+ Kh8 49. Rd7 1-0

[Event "Winnipeg op"]
[Site "Winnipeg CAN"]
[Date "1997.06.21"]
[Round "2"]
[White "Baragar, Fletcher"]
[Black "Ott, Richard"]
[Result "1-0"]
[WhiteElo "2387"]
[BlackElo "1481"]
[PlyCount "37"]
[GameId "2160767911965593"]
[EventDate "1997.06.20"]
[EventType "swiss"]
[EventRounds "5"]
[EventCountry "CAN"]

1. e4 c5 2. Nf3 d6 3. Bb5+ Nd7 4. O-O Ngf6 5. Re1 Qb6 6. a4 e5 7. c3 Be7 8. Na3 O-O 9. Nc4 Qc7 10. Ne3 g6 11. d4 cxd4 12. cxd4 a6 13. Bf1 Qc6 14. dxe5 Nxe5 15. Nd5 Nxf3+ 16. Qxf3 Nxd5 17. exd5 Qc7 18. Bh6 Re8 19. Qf6 1-0

[Event "Winnipeg op"]
[Site "Winnipeg CAN"]
[Date "1997.06.21"]
[Round "2"]
[White "Barg, Andrew"]
[Black "Kaptsan, Aron"]
[Result "1-0"]
[WhiteElo "1867"]
[BlackElo "2246"]
[PlyCount "69"]
[GameId "2160767911965594"]
[EventDate "1997.06.20"]
[EventType "swiss"]
[EventRounds "5"]
[EventCountry "CAN"]

1. e4 g6 2. d4 Bg7 3. Nf3 d6 4. Bc4 c6 5. Nc3 Nf6 6. Qe2 O-O 7. e5 dxe5 8. dxe5 Nd5 9. O-O Nxc3 10. bxc3 Bg4 11. e6 f5 12. Rd1 Qa5 13. Rb1 b5 14. Bb3 Na6 15. Rd7 Nc5 16. Rxe7 Nxb3 17. Rxg7+ Kxg7 18. Qe5+ Rf6 19. Bg5 Qd8 20. e7 Qd6 21. Bxf6+ Qxf6 22. e8=N+ Rxe8 23. Qxe8 Bxf3 24. gxf3 Na5 25. Re1 Qg5+ 26. Kf1 Kh6 27. Qe3 f4 28. Qe7 Nc4 29. Qxg5+ Kxg5 30. Re7 a5 31. Ke2 Kf6 32. Rxh7 a4 33. h4 Ne5 34. Rh8 Kf7 35. Rd8 1-0

[Event "Winnipeg op"]
[Site "Winnipeg CAN"]
[Date "1997.06.21"]
[Round "2"]
[White "Gushuliak, Justin"]
[Black "Gannon, Keith"]
[Result "0-1"]
[WhiteElo "1054"]
[BlackElo "1651"]
[PlyCount "80"]
[GameId "2160767911965595"]
[EventDate "1997.06.20"]
[EventType "swiss"]
[EventRounds "5"]
[EventCountry "CAN"]

1. e4 d6 2. d4 Bd7 3. Nf3 e6 4. Bd3 Be7 5. Bf4 Nf6 6. Nbd2 Nc6 7. c3 a6 8. a4 O-O 9. O-O Re8 10. Re1 Bf8 11. Qc2 e5 12. dxe5 Nxe5 13. Nc4 Nxd3 14. Qxd3 Bc6 15. Nfd2 d5 16. exd5 Rxe1+ 17. Rxe1 Nxd5 18. Re4 Nxf4 19. Qxd8 Nh3+ 20. gxh3 Rxd8 21. Rd4 Rxd4 22. cxd4 Bxa4 23. Kg2 Bb4 24. Nf1 Bb5 25. Nfe3 Kf8 26. Kg3 f6 27. Kf4 Be8 28. Nd5 Bd6+ 29. Nxd6 cxd6 30. Ke4 Bc6 31. f4 g6 32. h4 f5+ 33. Kf3 Bxd5+ 34. Kg3 Kf7 35. Kf2 h5 36. Ke3 b5 37. Kd2 Ke6 38. Kc3 a5 39. Kd3 Be4+ 40. Kc3 Kd5 0-1

[Event "Winnipeg op"]
[Site "Winnipeg CAN"]
[Date "1997.06.21"]
[Round "2"]
[White "Herkert, Dean"]
[Black "Trueman, Francis"]
[Result "1-0"]
[WhiteElo "1659"]
[BlackElo "1510"]
[PlyCount "55"]
[GameId "2160767911965596"]
[EventDate "1997.06.20"]
[EventType "swiss"]
[EventRounds "5"]
[EventCountry "CAN"]

1. f4 Nf6 2. Nf3 d6 3. Nc3 g6 4. e4 Bg7 5. d4 c6 6. Bd3 O-O 7. Be3 Qc7 8. Qd2 Re8 9. e5 Nfd7 10. h4 b6 11. h5 Ba6 12. hxg6 fxg6 13. Ng5 Nf8 14. O-O-O Bxd3 15. Qxd3 h6 16. Nf3 e6 17. Ne4 dxe5 18. fxe5 Nbd7 19. Bxh6 Re7 20. Bg5 Ree8 21. Nd6 c5 22. Nh4 Nh7 23. Qxg6 Ndf8 24. Nxe8 Qd7 25. Qe4 Nxg5 26. Qxa8 Qa4 27. Nxg7 Kxg7 28. Nf3 1-0

[Event "Winnipeg op"]
[Site "Winnipeg CAN"]
[Date "1997.06.21"]
[Round "2"]
[White "Magyar, Peter"]
[Black "Walker, Erin"]
[Result "0-1"]
[WhiteElo "1357"]
[BlackElo "1704"]
[PlyCount "80"]
[GameId "2160767911965597"]
[EventDate "1997.06.20"]
[EventType "swiss"]
[EventRounds "5"]
[EventCountry "CAN"]

1. e4 e5 2. Nc3 Nf6 3. Bc4 Bc5 4. Nf3 Nc6 5. d3 h6 6. O-O d6 7. Re1 O-O 8. Na4 Bb6 9. Nxb6 axb6 10. Be3 Bg4 11. h3 Be6 12. Qd2 Kh7 13. a3 Re8 14. Bb5 Bd7 15. Bc4 Be6 16. Bb5 Bd7 17. Bc4 Qe7 18. d4 exd4 19. Nxd4 Ne5 20. Bd3 c5 21. Nf5 Bxf5 22. exf5 Nxd3 23. Qxd3 Qd7 24. Bf4 d5 25. f3 b5 26. Re3 d4 27. Re5 Nd5 28. f6+ g6 29. Bg3 Rxe5 30. Bxe5 Re8 31. f4 Ne3 32. b3 Qc6 33. Qe2 Qe4 34. c3 d3 35. Qf2 Nc2 36. Rd1 c4 37. b4 Qe2 38. Rf1 Rd8 39. Qb6 Ne3 40. Rf2 Qe1+ 0-1

[Event "Winnipeg op"]
[Site "Winnipeg CAN"]
[Date "1997.06.21"]
[Round "2"]
[White "Remillard, John"]
[Black "Lange, John"]
[Result "0-1"]
[WhiteElo "1634"]
[BlackElo "1284"]
[PlyCount "75"]
[GameId "2160767911965598"]
[EventDate "1997.06.20"]
[EventType "swiss"]
[EventRounds "5"]
[EventCountry "CAN"]

1. c4 e5 2. Nc3 c5 3. g3 Nf6 4. Bg2 Be7 5. Nf3 d6 6. e3 Bg4 7. h3 Bh5 8. g4 Bg6 9. d4 cxd4 10. exd4 Nc6 11. a3 exd4 12. Nxd4 Qb6 13. Nxc6 bxc6 14. O-O O-O 15. Re1 Rfe8 16. b4 Rad8 17. Be3 Qc7 18. Qa4 c5 19. bxc5 dxc5 20. Nb5 Qd7 21. Rad1 Bd3 22. Bf1 Nxg4 23. Rxd3 Qf5 24. Rxd8 Rxd8 25. hxg4 Qxg4+ 26. Bg2 Bg5 27. Bxg5 Qxg5 28. Qxa7 h5 29. Qc7 h4 30. Kh2 Rd2 31. Rf1 f5 32. Nc3 Qg4 33. Nd5 Rd3 34. Qd8+ Kf7 35. Qd7+ Kf8 36. Re1 Qh5 37. Qd8+ Kf7 38. Qe8# 0-1

[Event "Winnipeg op"]
[Site "Winnipeg CAN"]
[Date "1997.06.21"]
[Round "2"]
[White "Yoos, John"]
[Black "Repa, Jason"]
[Result "1-0"]
[WhiteElo "2428"]
[BlackElo "1828"]
[PlyCount "37"]
[GameId "2160767911965599"]
[EventDate "1997.06.20"]
[EventType "swiss"]
[EventRounds "5"]
[EventCountry "CAN"]

1. e4 e6 2. d4 d5 3. e5 c5 4. c3 Qb6 5. Nf3 Nc6 6. a3 c4 7. Nbd2 f6 8. Be2 fxe5 9. Nxe5 Nf6 10. f4 Bd6 11. Ndf3 Bd7 12. O-O Na5 13. Ng5 Nb3 14. Rb1 Rf8 15. Be3 O-O-O 16. Bxc4 Na5 17. Bd3 Bxe5 18. fxe5 Ng8 19. Nf7 1-0

[Event "Winnipeg op"]
[Site "Winnipeg CAN"]
[Date "1997.??.??"]
[Round "3"]
[White "Gustafson, Dale"]
[Black "Yoos, John"]
[Result "1/2-1/2"]
[WhiteElo "2045"]
[BlackElo "2340"]
[PlyCount "65"]
[GameId "2160767911965600"]
[EventDate "1997.06.20"]
[EventType "swiss"]
[EventRounds "5"]
[EventCountry "CAN"]
[SourceTitle "EXT 2001"]
[Source "ChessBase"]
[SourceDate "2000.11.22"]
[SourceVersion "1"]
[SourceVersionDate "2000.11.22"]
[SourceQuality "1"]

1. e4 c5 2. Nc3 Nc6 3. g3 g6 4. Bg2 Bg7 5. d3 d6 6. f4 e6 7. Nge2 Nge7 8. O-O O-O 9. Be3 Nd4 10. Qd2 Bd7 11. Rae1 e5 12. Nd1 Bc6 13. c3 Nxe2+ 14. Rxe2 exf4 15. Bxf4 Qd7 16. Nf2 b6 17. Bh6 f5 18. Bxg7 Kxg7 19. Bh3 d5 20. Rfe1 Rf7 21. Qf4 dxe4 22. Qe5+ Kg8 23. dxe4 Rd8 24. exf5 Nxf5 25. Ng4 Qd6 26. Qxd6 Rxd6 27. Ne5 Rf8 28. Nxc6 Rxc6 29. Bg2 Rd6 30. Bb7 Rfd8 31. Ba6 h5 32. Bc4+ Kg7 33. Kf2 1/2-1/2

[Event "Winnipeg op"]
[Site "Winnipeg CAN"]
[Date "1997.06.21"]
[Round "3"]
[White "Gannon, Keith"]
[Black "Avena, Danny"]
[Result "1/2-1/2"]
[WhiteElo "1651"]
[BlackElo "1772"]
[PlyCount "105"]
[GameId "2160767911965601"]
[EventDate "1997.06.20"]
[EventType "swiss"]
[EventRounds "5"]
[EventCountry "CAN"]

1. e4 c5 2. Nc3 Nc6 3. Nf3 g6 4. b3 Bg7 5. Bb2 d6 6. Be2 e6 7. O-O Nge7 8. a4 O-O 9. Re1 a6 10. Rb1 Nd4 11. Nxd4 cxd4 12. Na2 d5 13. exd5 Nxd5 14. Ba3 Re8 15. Bb2 Bd7 16. Bf3 Bc6 17. c4 Nf4 18. Bxc6 bxc6 19. Qf3 Qc7 20. d3 c5 21. Bc1 e5 22. Bxf4 exf4 23. Rxe8+ Rxe8 24. h3 a5 25. Rd1 Bf8 26. Kf1 Bd6 27. Re1 Be5 28. Nc1 Rb8 29. Qd5 Bd6 30. Qf3 Kg7 31. Kg1 h5 32. Qe2 Qd7 33. f3 g5 34. Qe4 g4 35. Qd5 gxh3 36. Qg5+ Kh7 37. Qxh5+ Kg7 38. Qg5+ Kh7 39. Qh4+ Kg6 40. Qxh3 Qxh3 41. gxh3 Kh5 42. Kh2 Rg8 43. Re2 Rg3 44. Rf2 Kh4 45. Ne2 Rxh3+ 46. Kg1 Kg5 47. Rg2+ Kf5 48. Rg7 Kf6 49. Kg2 Rh8 50. Rg4 Kf5 51. Rg7 Kf6 52. Rg4 Kf5 53. Rg7 1/2-1/2

[Event "Winnipeg op"]
[Site "Winnipeg CAN"]
[Date "1997.06.21"]
[Round "3"]
[White "Kaptsan, Aron"]
[Black "Baragar, Fletcher"]
[Result "1/2-1/2"]
[WhiteElo "2246"]
[BlackElo "2387"]
[PlyCount "109"]
[GameId "2160767911965602"]
[EventDate "1997.06.20"]
[EventType "swiss"]
[EventRounds "5"]
[EventCountry "CAN"]

1. d4 Nf6 2. c4 g6 3. Nc3 Bg7 4. g3 d6 5. Nf3 O-O 6. Bg2 Nc6 7. d5 Na5 8. Nd2 c5 9. O-O a6 10. Qc2 Rb8 11. Rb1 b5 12. b3 e5 13. Nd1 bxc4 14. bxc4 Rxb1 15. Nxb1 Qb6 16. Nb2 Bd7 17. Bd2 Rb8 18. Bc3 Ne8 19. e4 Qc7 20. Na3 Nb7 21. Nd3 f5 22. f3 Nf6 23. Nf2 Nd8 24. Rb1 Nf7 25. Rxb8+ Qxb8 26. Ba5 fxe4 27. fxe4 Bh6 28. Bh3 Bxh3 29. Nxh3 Qc8 30. Kg2 Nxe4 31. Qxe4 Qxh3+ 32. Kxh3 Ng5+ 33. Kg2 Nxe4 34. Nb1 Kf7 35. Kf3 Ng5+ 36. Kg4 Ke7 37. Nc3 Nf7 38. Ne4 Bc1 39. Kf3 Ng5+ 40. Nxg5 Bxg5 41. Ke4 h5 42. h3 Bc1 43. g4 hxg4 44. hxg4 Ba3 45. Bb6 Bb4 46. Kd3 Be1 47. Ke4 Kd7 48. Kd3 Bb4 49. Ke4 Bd2 50. Kd3 Bg5 51. Ba5 Ke8 52. Ke4 Kf7 53. Kd3 Be7 54. Ke4 Kf6 55. Bd2 1/2-1/2

[Event "Winnipeg op"]
[Site "Winnipeg CAN"]
[Date "1997.06.21"]
[Round "3"]
[White "Lange, John"]
[Black "Trueman, Francis"]
[Result "1-0"]
[WhiteElo "1284"]
[BlackElo "1510"]
[PlyCount "71"]
[GameId "2160767911965603"]
[EventDate "1997.06.20"]
[EventType "swiss"]
[EventRounds "5"]
[EventCountry "CAN"]

1. e4 c6 2. d4 d5 3. Nc3 dxe4 4. Nxe4 Bf5 5. f3 e6 6. Bd3 Nd7 7. Ne2 Be7 8. O-O Ngf6 9. Bf4 O-O 10. Re1 Rc8 11. Nd6 Bxd6 12. Bxd6 Re8 13. c4 c5 14. Bxf5 exf5 15. Qd3 cxd4 16. Nxd4 Qb6 17. Ba3 f4 18. Kh1 Ne5 19. Qd2 Rcd8 20. c5 Qa6 21. Qxf4 Nd3 22. Rxe8+ Rxe8 23. Qd2 Rd8 24. Nf5 Rd7 25. h4 b5 26. c6 Qxc6 27. Ne7+ Rxe7 28. Bxe7 Qd5 29. Bxf6 gxf6 30. a4 Qd4 31. Kh2 Qd6+ 32. g3 Qd4 33. Ra3 Qxb2 34. Rxd3 Qa1 35. axb5 h6 36. Qxh6 1-0

[Event "Winnipeg op"]
[Site "Winnipeg CAN"]
[Date "1997.06.22"]
[Round "4"]
[White "Babb, Jeff"]
[Black "Yoos, John"]
[Result "1-0"]
[WhiteElo "2189"]
[BlackElo "2428"]
[PlyCount "69"]
[GameId "2160767911965604"]
[EventDate "1997.06.20"]
[EventType "swiss"]
[EventRounds "5"]
[EventCountry "CAN"]

1. e4 c5 2. Nc3 Nc6 3. g3 g6 4. Bg2 Bg7 5. d3 d6 6. Be3 Rb8 7. Qd2 b5 8. Nge2 Nd4 9. O-O b4 10. Nd1 e6 11. f4 Ne7 12. g4 f5 13. gxf5 exf5 14. Ng3 Qa5 15. a3 Qa4 16. Bxd4 Bxd4+ 17. Kh1 O-O 18. e5 dxe5 19. c3 bxc3 20. bxc3 Ba6 21. cxd4 Qxd4 22. Qa2+ Kh8 23. Ne2 Qxd3 24. Qe6 Qxe2 25. Qxe7 Rbe8 26. Qxc5 exf4 27. Nc3 Qe3 28. Qa5 Bxf1 29. Rxf1 g5 30. Nd5 Qd3 31. h3 Re5 32. Re1 Rxe1+ 33. Qxe1 Qd4 34. Ne7 Qe3 35. Qa1+ 1-0

[Event "Winnipeg op"]
[Site "Winnipeg CAN"]
[Date "1997.06.22"]
[Round "4"]
[White "Baragar, Fletcher"]
[Black "Gustafson, Dale"]
[Result "1-0"]
[WhiteElo "2387"]
[BlackElo "1974"]
[PlyCount "87"]
[GameId "2160767911965605"]
[EventDate "1997.06.20"]
[EventType "swiss"]
[EventRounds "5"]
[EventCountry "CAN"]

1. e4 d5 2. exd5 Qxd5 3. Nc3 Qa5 4. d4 Nf6 5. Nf3 Bf5 6. Bc4 e6 7. Bd2 c6 8. Ne4 Qc7 9. Nxf6+ gxf6 10. Qe2 Nd7 11. O-O-O O-O-O 12. Nh4 Bg6 13. g3 Kb8 14. Rhe1 Bd6 15. Ng2 e5 16. Bc3 Rhe8 17. d5 Nc5 18. dxc6 bxc6 19. Qd2 Nb7 20. Bb4 Bc5 21. Qc3 Rxd1+ 22. Rxd1 Bh5 23. Rd2 Rd8 24. Bxc5 Nxc5 25. Qb4+ Nb7 26. Rxd8+ Qxd8 27. Ne3 Qd6 28. Qb3 Qd7 29. Ba6 Bf3 30. a3 h5 31. Bxb7 Qxb7 32. Qxb7+ Kxb7 33. Kd2 Kc7 34. Nc4 Bd5 35. Kc3 Be6 36. Kb4 e4 37. Kc5 Bd7 38. h4 f5 39. Ne3 Be6 40. Ng2 f6 41. Nf4 Bf7 42. Ne2 Be6 43. Nd4 Bd7 44. b4 1-0

[Event "Winnipeg op"]
[Site "Winnipeg CAN"]
[Date "1997.06.22"]
[Round "4"]
[White "Gannon, Keith"]
[Black "Kaptsan, Aron"]
[Result "0-1"]
[WhiteElo "1651"]
[BlackElo "2246"]
[PlyCount "84"]
[GameId "2160767911965606"]
[EventDate "1997.06.20"]
[EventType "swiss"]
[EventRounds "5"]
[EventCountry "CAN"]

1. e4 d5 2. exd5 Nf6 3. Bb5+ Nbd7 4. c4 g6 5. Nf3 Bg7 6. Ne5 O-O 7. Nxd7 Nxd7 8. Bxd7 Bxd7 9. O-O e6 10. dxe6 Bxe6 11. d3 Bf5 12. Qb3 Qxd3 13. Nd2 Qxb3 14. axb3 a5 15. Re1 Rfe8 16. Rxe8+ Rxe8 17. Nf3 b6 18. Bd2 Bxb2 19. Ra2 Bf6 20. b4 axb4 21. Bxb4 Be6 22. Re2 c5 23. Be1 Ra8 24. Nd2 Ra1 25. g3 Bc3 26. Kg2 Rxe1 27. Rxe1 Bxd2 28. Rb1 Bb4 29. Rc1 Kf8 30. Kf1 Ke7 31. Ke2 Kd6 32. f4 Kc6 33. Ke3 b5 34. cxb5+ Kxb5 35. h4 h5 36. Kd3 Bf5+ 37. Ke3 c4 38. Kd4 c3 39. Ke3 c2 40. Kd4 Bd2 41. Ra1 c1=Q 42. Rxc1 Bxc1 0-1